History - European | 2 | 2 | 0 | 0 | 50 | 25 | 76.50 | 1 | 1 |
History - American | 2 | 2 | 0 | 0 | 50 | 21 | 65.50 | 0 | 1 |
History - World | 1 | 2 | 0 | 0 | 35 | 52 | 94.67 | 0 | 0 |
History - Cross, Historiography, and Miscellaneous | 1 | 1 | 0 | 0 | 25 | 35 | 68.00 | 0 | 0 |
Geography - World | 0 | 2 | 0 | 0 | 20 | 64 | 81.50 | 0 | 0 |
Science - Math | 0 | 2 | 0 | 0 | 20 | 97 | 111.00 | 0 | 0 |
Current Events - World | 0 | 2 | 0 | 0 | 20 | 112 | 125.50 | 0 | 0 |
Science - Engineering and Miscellaneous | 1 | 0 | 0 | 0 | 15 | 34 | 34.00 | 1 | 1 |
Fine Arts - Photography | 1 | 0 | 0 | 0 | 15 | 36 | 36.00 | 0 | 1 |
Social Science - Sociology | 0 | 1 | 0 | 0 | 10 | 74 | 74.00 | 0 | 0 |
Literature - British | 0 | 1 | 0 | 0 | 10 | 132 | 132.00 | 0 | 0 |
RMP - Philosophy | 0 | 1 | 0 | 0 | 10 | 114 | 114.00 | 0 | 0 |
RMP - World Mythology | 0 | 1 | 0 | 0 | 10 | 111 | 111.00 | 0 | 0 |
Science - Astronomy | 0 | 1 | 0 | 0 | 10 | 107 | 107.00 | 0 | 0 |
Science - Biology | 0 | 1 | 0 | 0 | 10 | 107 | 107.00 | 0 | 0 |
Social Science - Other | 0 | 1 | 0 | 0 | 10 | 117 | 117.00 | 0 | 0 |
Current Events - U.S. | 0 | 0 | 0 | 0 | 0 | | 0.00 | 0 | 0 |